El cofán y el médico: vocabulario médico bilingüe cofán - castellano

Bibliografiska uppgifter
Huvudupphovsman: Borman, Roberta
Övriga upphovsmän: Cooper, Verla, Criollo Q., Emeregildo
Materialtyp: Bok
Språk:Spanish
Upplaga:2a ed.
Ämnen:

MARC

LEADER 00000nam a22000007a 4500
003 Ucuenca
005 20230308230440.0
008 190114b1991 ec ||||| |||| 00| 0 spa d
040 |b spa 
041 0 |a es 
082 0 |a 610.3 
100 1 |a Borman, Roberta.  |9 232264 
245 |a El cofán y el médico: vocabulario médico bilingüe cofán - castellano  |c Roberta Borman, Verla Cooper y Emeregildo Criollo Q.  |h imp 
250 |a 2a ed. 
264 |a Quito  |b Instituto Lingüístico de Verano  |c 1991 
300 |a 178 páginas:  |b ilu  |c 20.5 cm 
505 1 |a El alfabeto cofán -- Indicaciones para el paciente -- Preguntas comunes ¿Cuándo? -- Cabeza -- Pecho -- Estómago e intestinos -- Riñones -- Maternidad y ginecología -- Accidentes -- Espalda, cintura y extremidades -- Desnutrición -- Frases útiles para pacientes en el hospital -- Vacunas -- Vocabulario español -- Vocabulario cofán 
650 0 |9 116209  |a Cofan 
650 0 |9 8934  |a Castellano 
650 0 |9 9367  |a Vocabulario 
700 1 |9 232265  |a Cooper, Verla 
700 1 |9 232267  |a Criollo Q., Emeregildo 
942 |2 ddc  |c BK  |z bladimir.cabrerar@ucuenca.edu.ec 
999 |c 156634  |d 156634